Sunni-est Countries - Statistics

General Stats
  • This quiz has been taken 32 times
  • The average score is 16 of 20
Answer Stats
% ~ Country % Correct
91 Egypt
100%
98 Libya
100%
100 Algeria
96%
85 Saudi Arabia
96%
68 Sudan
92%
98 Jordan
88%
100 Morocco
88%
100 Tunisia
88%
79 United Arab Emirates
88%
98 Somalia
85%
62 Yemen
85%
76 Syria
81%
76 Turkey
81%
90 Indonesia
77%
84 Afghanistan
69%
99 Djibouti
69%
96 Senegal
65%
88 Tajikistan
62%
95 Uzbekistan
62%
98 Comoros
50%
No matching quizzes found
Score Distribution
Percent of People with Each Score
Percentile by Number Answered
Your Score History
You have not taken this quiz